000 00317nam a2200145Ia 4500
008 100122s9999 xx 000 0 und d
082 _b58394
_a823
100 _aHARRIS THOMAS
245 _aHANNIBAL
260 _bARROW BOOKS
_c2000
300 _a564
630 _aHANNIBAL
730 _aHANNIBAL
942 _cBOOK
999 _c377156
_d377153